000 00872nam a22002057a 4500
003 OSt
005 20260223064911.0
008 260121b |||||||| |||| 00| 0 eng d
020 _a9780316244114
040 _aDWCL GS library
_cOc
082 _aFic. C874h 2013
100 _aCowell, Cressida
245 _aHow to train your dragon
_b: book 11 how to betray a dragon's hero
260 _aNew York
_bHachette Book Group, Inc.
_cc2013
300 _a366
_billustrations
_c20cm
520 _aHiccup is in hiding in the Murderous Mountains with the Company of the Dragonmark, but he is determined to become King of the Wilderwest by defeating the witch's Vampire Spydragons and steal back the King's Things from Alvin the Treacherous
546 _aenglish
700 _aCressida Cowell
942 _2ddc
_cFIC.
_hFic. C874h 2013
_n0
999 _c7624
_d7624